000
00261nmm a2200097Ia 4500
008
220120s9999||||xx |||||||||||||||||und||
020
_a
0-07-052929
100
_a
PCQ
245
0
_a
June 2011: 6 hot linux destros, 10 full free antivirus softw
260
_a
Cybertech
999
_c
139681
_d
139681